01218cam a2200325 i 4500001001000000001001000010003000900020005001700029008004100046035002300087035001000110035001900120035001900139040005400158082002000212100004700232245006600279264006600345300004400411336002600455337002800481338002700509500010600536650004000642653002300682655002400705942001200729999001700741952013400758BHK8537FWBEN2347BBEG-ScBUE20220719110358.0720713s1938 nyuc f 0001d eng d a(OCoLC)ocm00355073 a25965 a(InU)BHK8537FW a(InU)BEN2347BB aWSUbengerdacWSUdm.c.dOCLdHIRdIULdEG-ScBUE04222a822.33bSHA10aShakespeare, William,d1564-1616,eauthor.14aThe works of William Shakespeare :bgathered into one volume. 1aNew York :bShakespeare Head Press,bBasil Blackwell,c[1938] ax, 1263, 16 pages :bportraits ;c25 cm 2rdacontentatextbtxt 2rdamediaaunmediatedbn 2rdacarrieravolumebnc a"A sketch of Shakespeare's life and synopses of Shakespeare's plays and poems." -- p. 1-16 (2nd set). 72BUEshaEnglish dramay20th century. bHHUUEENNcJuly2022 vReading book934232 2ddccBB c29892d29863 00102ddc40708Donation-GaMAINbMAINc2NDd2022-07-19eDonationl0o822.33 SHAp000056329r2025-07-15 00:00:00w2022-07-19yBB